000 00623nam a2200205 a 4500
001 797
003 CO-ViMGA
008 141112s2004 ck r 000 u spa d
040 _aCO-ViMGA
_bspa
_cCO-ViMGA
082 0 4 _a574.21 S547
100 1 _aSmith, Lloyd H
_948691
245 1 0 _aFisiopatología :
_bPrincipios biológicos de la enfermedad /
_cSmith Lloyd H , Thier Samuel O
250 _a2a
260 _aBuenos Aires :
_bMedica PanAméricana,
_c1988
300 _a1236 p : il
490 _aTratado internacional de medicina
650 1 4 _aFISIOPATOLOGIA
_948692
650 1 4 _aThier, Samuel O
_948693
942 _2ddc
_cBK
999 _c13033
_d13033